<?xml version="1.0" encoding="UTF-8"?>
<marc:record xmlns:marc="http://www.loc.gov/MARC21/slim">
   <marc:leader>00000nam a2200000 a 4500</marc:leader>
   <marc:datafield ind1="0" ind2="0" tag="245">
      <marc:subfield code="a">Die Märchen aus 1001 Nacht</marc:subfield>
   </marc:datafield>
   <marc:datafield ind1=" " ind2="1" tag="264">
      <marc:subfield code="a">Köln</marc:subfield>
      <marc:subfield code="b">Anaconda</marc:subfield>
      <marc:subfield code="c">2017</marc:subfield>
   </marc:datafield>
   <marc:datafield ind1="1" ind2=" " tag="520">
      <marc:subfield code="a">Tausendundeine Nacht erzählt Scheherazade um ihr Leben. Denn der König hat es sich zur grausamen Gewohnheit gemacht, jeden Tag eine neue Jungfrau zu heiraten und sie nach der Hochzeitsnacht zu töten. Diese vollständige Ausgabe beinhaltet 700 Abbildungen.</marc:subfield>
   </marc:datafield>
   <marc:datafield ind1=" " ind2=" " tag="020">
      <marc:subfield code="a">9783730605196</marc:subfield>
      <marc:subfield code="9">9783730605196</marc:subfield>
   </marc:datafield>
   <marc:datafield ind1=" " ind2=" " tag="020">
      <marc:subfield code="a">3730605194</marc:subfield>
      <marc:subfield code="9">3730605194</marc:subfield>
   </marc:datafield>
</marc:record>
